00666nam a2200217 a 450000100060000000300080000600500170001400800410003103500190007204000310009104100080012208200250013024501000015526000290025530000330028450400290031765000140034665000200036070000470038070000210042768131BD-RjUL20211209081732.0170330s1964 nyua b 001 0 eng  a(BD-RjUL)68340 aDLC/ICUcICUdBD-RjULbeng aeng00a571.74223bACT 196510aActions of hormones on molecular processes /cedited by Gerald Litwack [and] David Kritchevsky. aNew York :bWiley,c1964 axi, 583 p. :bill. ;c24 cm. aIncludes bibliographies. 0aHormones. 0aHistochemistry.1 aKritchevsky, David,d1920-2006,ejoint ed.1 aLitwack, Gerald,